000 00671nam a2200289Ia 4500
005 20260324141655.0
008 008 260324s9999 xx 000 0 eng d
020 _a9781351293167
037 _aEBOOK
040 _aCRL
040 _beng
040 _cCRL
041 _2eng
041 _aeng
084 _qCRL
100 _aMortimer Ostow
_91206876
245 0 _aMyth and Madness
245 4 _bThe Psychodynamics of Anti-Semitism
260 _bTaylor and Francis
260 _c1996
365 _a
365 _b230
856 _uhttp://www.taylorfrancis.com/books/9781351293167
942 _cEBOOK
999 _c1812421
_d1812421